The HarperCollins encyclopedia of careers / (Record no. 136872)

MARC details
000 -LEADER
fixed length control field 00635nam a2200205 4500
010 ## - LIBRARY OF CONGRESS CONTROL NUMBER
LC control number B-115283
020 ## - INTERNATIONAL STANDARD BOOK NUMBER
International Standard Book Number 9788172235192
Terms of availability 595.00
035 ## - SYSTEM CONTROL NUMBER
System control number B-115283
037 ## - SOURCE OF ACQUISITION
Source of stock number/acquisition Cen Lib / Ret
040 ## - CATALOGING SOURCE
Original cataloging agency DPL
Language of cataloging En
082 ## - DEWEY DECIMAL CLASSIFICATION NUMBER
Classification number 371.42503
Item number GHO
100 ## - MAIN ENTRY--PERSONAL NAME
Personal name Ghose, Jayanti
245 ## - TITLE STATEMENT
Title The HarperCollins encyclopedia of careers /
Statement of responsibility, etc by Jayanti Ghose
260 ## - PUBLICATION, DISTRIBUTION, ETC. (IMPRINT)
Place of publication, distribution, etc New Delhi
Name of publisher, distributor, etc Harper Collins Publishers India
Date of publication, distribution, etc 2004
270 ## - ADDRESS
Address 1A, Hamilton House, Cannaught Place
City New Delhi
Postal code 110001
300 ## - PHYSICAL DESCRIPTION
Extent 1625p
Dimensions 27cm(PBK)
650 ## - SUBJECT ADDED ENTRY--TOPICAL TERM
Topical term or geographic name as entry element Dictionary
650 ## - SUBJECT ADDED ENTRY--TOPICAL TERM
Topical term or geographic name as entry element Careers - Dictionary
942 ## - ADDED ENTRY ELEMENTS (KOHA)
Source of classification or shelving scheme Dewey Decimal Classification
Koha item type English Books
Classification part 371.42503
Call number suffix GHO
Holdings
Withdrawn status Lost status Source of classification or shelving scheme Damaged status Not for loan Home library Current library Date acquired Source of acquisition Cost, normal purchase price Total Checkouts Full call number Barcode Date last seen Copy number Cost, replacement price Price effective from Koha item type
    Dewey Decimal Classification     Central Library Central Library 11/03/2016 Cen Lib/Ret 595.00   371.42503 GHO B-115283 11/03/2016 1 595.00 11/03/2016 English Books

© Delhi Public Library
Hit Counter
free hit counter